Guide to psychological understanding people with leraning disabilities (Record no. 1462125)

MARC details
000 -LEADER
fixed length control field 00554nam a2200205Ia 4500
005 - DATE AND TIME OF LATEST TRANSACTION
control field 20250923150322.0
008 - FIXED-LENGTH DATA ELEMENTS--GENERAL INFORMATION
fixed length control field 008 250917s9999 xx 000 0 eng d
037 ## - SOURCE OF ACQUISITION
Stock number Textual
040 ## - CATALOGING SOURCE
Original cataloging agency DSWL
Language of cataloging eng
Transcribing agency DSWL
041 ## - LANGUAGE CODE
Language code of text/sound track or separate title eng
Source of code eng
084 ## - COLON CLASSIFICATION NUMBER
Assigning agency DSWL
100 ## - MAIN ENTRY--PERSONAL NAME
Personal name Webb,Jenny
9 (RLIN) 844653
245 #0 - TITLE STATEMENT
Title Guide to psychological understanding people with leraning disabilities
Statement of responsibility, etc. by Jenny Webb
260 ## - PUBLICATION, DISTRIBUTION, ETC.
Place of publication, distribution, etc. London
Name of publisher, distributor, etc. Routledge
Date of publication, distribution, etc. 2013
300 ## - PHYSICAL DESCRIPTION
Extent 238p.
365 ## - TRADE PRICE
Price type code INR
Price amount 2365.21
925 ## -
-- 2365.21
942 ## - ADDED ENTRY ELEMENTS (KOHA)
Koha item type Textual
Holdings
Withdrawn status Lost status Damaged status Not for loan Home library Current library Date acquired Source of acquisition Inventory number Total Checkouts Barcode Date last seen Price effective from Koha item type
        Department of Social Work Library Department of Social Work Library 2025-09-23 Better Books Service 141 & 14.03.2014   SW0031238 2025-09-23 2025-09-23 Textual
Copyright @ Delhi University Library System